000 00626nam a2200241Ia 4500
003 OSt
005 20220912144335.0
006 a|||||r|||| 00| 0
007 ta
008 220909b |||||||| |||| 00| 0 eng d
020 _aSL0326462
024 _a187376
037 _cTextual
040 _aCSL
_beng
_cCSL
041 _aeng
082 _aC5:33, L0
100 _aBrittain EF; George WO
245 0 _aIntroduction to molecular spectroscopy theory and experiment
260 _c1992
700 _aBrittain EF; George WO
942 _hC5:33, L0
_cTEXL
_2CC
999 _c5440
_d5440